000 00583am a2200241a 44500
003 AR-BaBNM
005 20251128202752.0
008 117019s1976 #AR|||||||||||000 | spa||
040 _cAR-BaBNM
100 1 _aMoracci Bauvier Vila, Héctor H.
245 1 0 _aLa plaga terrícola
_bnovela
260 _aBuenos Aires
_bEl autor
_c1976
300 _a126 p.
650 4 _aLITERATURA ARGENTINA
650 4 _aNOVELAS
650 4 _aCIENCIA FICCION
650 4 _aCOSMOLOGIA
650 4 _aASTROLOGIA
650 4 _aMISTICISMO
655 _aLITERATURA
942 _cBK
998 _cMARTIN
999 _c478
_d478